[Event "DSOL 08 Liga Gr-C 1st"]
[Site "Playchess.com INT"]
[Date "2020.07.23"]
[Round "5.2"]
[White "Voelpel Lopes Da Silva, Alexander"]
[Black "Ercan, Evangeline"]
[Result "0-1"]
[WhiteElo "897"]
[BlackElo "742"]
[PlyCount "35"]
[EventDate "2020.06.22"]
[EventType "team-tourn (rapid)"]
[EventCountry "GER"]
[SourceTitle "EXT 2021"]
[Source "ChessBase"]
[SourceDate "2020.10.23"]
[SourceVersion "1"]
[SourceVersionDate "2020.10.23"]
[SourceQuality "1"]
[WhiteTeam "Werder Bremen IV"]
[BlackTeam "Paderborn Akademie III"]
[WhiteTeamCountry "GER"]
[BlackTeamCountry "GER"]

1. e4 d5 2. exd5 e5 3. Nc3 b6 4. Bb5+ c6 5. Bc4 Bb7 6. dxc6 Nxc6 7. Bb5 Bc5 8. Nf3 Nf6 9. Nxe5 0-0 10. Nxc6 Re8+ 11. Ne2 Qd6 12. Na5 Ng4 13. Bxe8 Rxe8 14. Nxb7 Qf6 15. f3 Qh4+ 16. g3 Qh3 17. fxg4 Qg2 18. Nxc5 0-1